Ricostruisci la Carriera del Calciatore - Mauro Camoranesi - Statistics

Statistiche generali
  • Questo quiz è stato fatto 7 volte
  • Il punteggio medio è 3 su 10
Statistiche sulle risposte
Hint Risposta % Corretto
2002-2010 Juventus
80%
2000-2002 Verona
60%
2011-2012 Lanús
40%
1995-1997 Santos Laguna
40%
1994-1995 Aldosivi
20%
1998-2000 Cruz Azul
20%
1997-1998 Banfield
0%
2012-2014 Racing Club
0%
2010-2011 Stoccarda
0%
1997 Wanderers (M)
0%
Nessun quiz corrispondente trovato
Distribuzione punteggi
Percentuale di utenti per punteggio
Percentile per numero di risposta
I tuoi punteggi nel tempo
Non hai fatto questo quiz